Русская орфографическая реформа 1917-1918 гг.; Научная инициатива иностранных студентов и аспирантов российских вузов

Dettagli Bibliografici
Parent link:Научная инициатива иностранных студентов и аспирантов российских вузов.— 2020.— [С. 428-432]
Autore principale: Мусколино Лаура
Ente Autore: Национальный исследовательский Томский политехнический университет Школа базовой инженерной подготовки Отделение русского языка
Altri autori: Хустенко А. А. Анастасия Анатольевна (научный руководитель)
Riassunto:Заглавие с экрана
Со дня принятия орфографической реформы прошло ровно сто лет. Этот юбилей не прошел незамеченным для России. Реформа 1918 года и в наши дни вызывает оживлённые споры. Именно поэтому авторам статьи показалось интересным проанализировать тот путь, который прошла русская орфография за последнее столетие, и как к ней относится сегодняшнее поколение. Предметом исследования стал анализ дореволюционного исторического и социального контекста, а также реконструкция фундаментальных вех в осуществлении орфографической реформы 1917-1918 гг. Были изложены предпосылки для ее реализации, вплоть до ее введения двумя правительствами, временным и большевистским. Новый исторический анализ позволил установить, что распад Советского Союза перепрофилировал письмо в социальном контексте XX века, упраздненное в результате реформы. Цель исследования состоит в том, чтобы рассмотреть орфографическую реформу в новом историческом ключе, как процесс, который является частью эволюции самого языка.
Lingua:russo
Pubblicazione: 2020
Serie:Актуальные проблемы гуманитарных наук: языкознание и литературоведение
Soggetti:
Accesso online:http://earchive.tpu.ru/handle/11683/63716
Natura: Elettronico Capitolo di libro
KOHA link:https://koha.lib.tpu.ru/cgi-bin/koha/opac-detail.pl?biblionumber=632177

MARC

LEADER 00000naa2a2200000 4500
001 632177
005 20231101133710.0
035 |a (RuTPU)RU\TPU\conf\33878 
035 |a RU\TPU\conf\33877 
090 |a 632177 
100 |a 20201016d2020 k y0rusy50 ca 
101 0 |a rus 
102 |a RU 
105 |a y z 101zy 
135 |a drgn ---uucaa 
181 0 |a i  
182 0 |a b 
200 1 |a Русская орфографическая реформа 1917-1918 гг.  |f Мусколино Лаура  |g науч. рук. А. А. Хустенко 
203 |a Текст  |c электронный 
225 1 |a Актуальные проблемы гуманитарных наук: языкознание и литературоведение 
230 |a 1 компьютерный файл (pdf; 259 Kb) 
300 |a Заглавие с экрана 
320 |a [Библиогр.: с. 431-432 (4 назв.)] 
330 |a Со дня принятия орфографической реформы прошло ровно сто лет. Этот юбилей не прошел незамеченным для России. Реформа 1918 года и в наши дни вызывает оживлённые споры. Именно поэтому авторам статьи показалось интересным проанализировать тот путь, который прошла русская орфография за последнее столетие, и как к ней относится сегодняшнее поколение. Предметом исследования стал анализ дореволюционного исторического и социального контекста, а также реконструкция фундаментальных вех в осуществлении орфографической реформы 1917-1918 гг. Были изложены предпосылки для ее реализации, вплоть до ее введения двумя правительствами, временным и большевистским. Новый исторический анализ позволил установить, что распад Советского Союза перепрофилировал письмо в социальном контексте XX века, упраздненное в результате реформы. Цель исследования состоит в том, чтобы рассмотреть орфографическую реформу в новом историческом ключе, как процесс, который является частью эволюции самого языка. 
463 0 |0 (RuTPU)RU\TPU\conf\33820  |t Научная инициатива иностранных студентов и аспирантов российских вузов  |o сборник докладов X Всероссийской научно-практической конференции, Томск, 22-24 апреля 2020 г.  |f Национальный исследовательский Томский политехнический университет (ТПУ)  |v [С. 428-432]  |d 2020 
610 1 |a электронный ресурс 
610 1 |a труды учёных ТПУ 
610 1 |a реформы 
610 1 |a орфография 
610 1 |a русский язык 
610 1 |a лингвистика 
610 1 |a сфера образования 
610 1 |a правописание 
700 0 |a Мусколино Лаура 
702 1 |a Хустенко  |b А. А.  |c специалист в области филологии  |c инженер-исследовательТомского политехнического университета  |f 1982-  |g Анастасия Анатольевна  |2 stltpush  |4 727 
712 0 2 |a Национальный исследовательский Томский политехнический университет  |b Школа базовой инженерной подготовки  |b Отделение русского языка  |h 8030  |2 stltpush  |3 (RuTPU)RU\TPU\col\23517 
801 2 |a RU  |b 63413507  |c 20201125  |g RCR 
856 4 |u http://earchive.tpu.ru/handle/11683/63716 
942 |c BK